000 00543nam a2200181Ia 4500
003 GCL
008 140319s9999 xx 000 0 ara d
040 _aGCL /
_cGCL
082 0 4 _a327.101
_bك ن
100 1 _aكاظم هاشم نعمة
245 1 0 _aنظرية العلاقات الدولية /
_cكاظم هاشم نعمة
300 _a292 ص
490 _a
650 0 4 _aالسياسة الخارجية
650 0 4 _aالعلاقات الخارجية
650 0 4 _aالعلاقات الخارجية - نظريات
942 _2ddc
_cBK
999 _c52277
_d52277